000 00250nam a22001217a 4500
041 _aENG
100 _aDruben.L
245 _aSmall Farm Grais Shorage
260 _aLondon
_bU.S Pras
_c1976
300 _a558
650 _aAPE (10)
856 _uAPE (10)
999 _c2885
_d2885